| 000 | 01254nam a22003377a 4500 | ||
|---|---|---|---|
| 003 | CHAP | ||
| 005 | 20220329143430.0 | ||
| 008 | 090708s2007 mx r 00010 spa d | ||
| 010 | _a96500 | ||
| 011 | _a97472 | ||
| 020 | _a9684847009 | ||
| 035 | _a108140 | ||
| 040 | _cCHAP | ||
| 082 | 0 | 4 |
_a862.44 _bP68 |
| 245 | 0 | 0 |
_aPóker de ases : _bdramaturgos de la escuela de escritores SOGEM Estado de México _c/por Juan Carlos García Valdés ...[et al.] |
| 260 |
_aToluca, Edo. de Méx. : _bGobierno del Estado de México, Instituto Mexiquense de Cultura, _c2007 |
||
| 300 | _a108 p. | ||
| 490 | 0 |
_aBiblioteca Mexiquense del Bicentenario. _pEl espejo de Amarilis |
|
| 590 |
_aBATCH-UPD _b10 _c20130110 _lUCH01 _h1444 |
||
| 590 |
_aBATCH-UPD _b10 _c20130410 _lUCH01 _h0914 |
||
| 590 |
_aBATCH-UPD _b10 _c20130914 _lUCH01 _h1531 |
||
| 590 |
_aCONVERSION _b10 _c20130109 _lUCH01 _h1353 |
||
| 650 | 1 | 4 |
_aLiteratura mexicana. _967138 |
| 650 | 1 | 4 |
_aTeatro mexicano. _9111866 |
| 650 | 1 | 4 |
_aTeatro _xMéxico. _9111861 |
| 700 | 1 |
_aGarcía Valdés, Juan Carlos. _946693 |
|
| 830 | 0 |
_aBiblioteca Mexiquense del Bicentenario. _pEl espejo de Amarilis _912431 |
|
| 901 | _aBK | ||
| 942 | _cLIBRO | ||
| 949 |
_a862.44 P68 _bBC _cLIBRO _d33724002104058 _eLIBRO _h110912 _i108140 _sb |
||
| 999 |
_c96500 _d96500 |
||